[Event "4NCL Division 2b"]
[Site "Telford, ENG"]
[Date "2017.11.11"]
[Round "1.84"]
[White "Golding, James"]
[Black "Byway, Paul V"]
[Result "1/2-1/2"]
[WhiteElo "2051"]
[BlackElo "2080"]
[PlyCount "77"]
[EventDate "2017.11.11"]
[WhiteTeam "KJCA Kings"]
[BlackTeam "Poisoned Pawns 1"]

1. d4 Nf6 2. c4 e6 3. Nf3 d5 4. Nc3 Be7 5. Bg5 O-O 6. e3 h6 7. Bh4 b6 8. cxd5
Nxd5 9. Bxe7 Qxe7 10. Nxd5 exd5 11. Bd3 Be6 12. O-O Nd7 13. Rc1 c5 14. b3 a5
15. Re1 Nf6 16. Bb5 Rfc8 17. Qd3 Bd7 18. Ne5 Bxb5 19. Qxb5 Qe6 20. Nf3 Qc6 21.
Qxc6 Rxc6 22. dxc5 bxc5 23. Rc2 c4 24. Rec1 Rac8 25. Nd2 c3 26. Nb1 d4 27. exd4
Nd5 28. Kf1 Rb8 29. g3 a4 30. bxa4 Rb4 31. Ke1 Rxd4 32. Nxc3 Nb4 33. Rd2 Nd3+
34. Kd1 Nxc1 35. Rxd4 Rxc3 36. a5 Nd3 37. Kd2 Ra3 38. Rxd3 Rxa2+ 39. Ke3
1/2-1/2

[Event "4NCL Division 2b"]
[Site "Telford, ENG"]
[Date "2017.11.11"]
[Round "1.85"]
[White "Davison, Chris"]
[Black "Young, Daniel J"]
[Result "0-1"]
[WhiteElo "2070"]
[BlackElo "1993"]
[PlyCount "58"]
[EventDate "2017.11.11"]
[WhiteTeam "Poisoned Pawns 1"]
[BlackTeam "KJCA Kings"]

1. e4 c5 2. Nc3 Nc6 3. g3 g6 4. Bg2 Bg7 5. Nge2 d6 6. h3 e6 7. O-O Nge7 8. d3
O-O 9. Be3 Nd4 10. Qd2 Rb8 11. a4 a6 12. f4 b5 13. axb5 axb5 14. Bxd4 cxd4 15.
Nd1 e5 16. g4 f5 17. gxf5 gxf5 18. Nf2 fxe4 19. Nxe4 Nd5 20. fxe5 dxe5 21. N2g3
Ne3 22. Rxf8+ Qxf8 23. Ra7 Rb6 24. Ng5 Rg6 25. h4 h6 26. Be4 Rf6 27. Qe2 hxg5
28. hxg5 Rf4 29. Bh7+ Kxh7 0-1

[Event "4NCL Division 2b"]
[Site "Telford, ENG"]
[Date "2017.11.11"]
[Round "1.86"]
[White "Bansal, Rohan"]
[Black "Rosen, Daniel B"]
[Result "0-1"]
[WhiteElo "1973"]
[BlackElo "2037"]
[PlyCount "82"]
[EventDate "2017.11.11"]
[WhiteTeam "KJCA Kings"]
[BlackTeam "Poisoned Pawns 1"]

1. d4 f5 2. g3 e6 3. Bg2 Nf6 4. c4 d5 5. Nh3 c6 6. O-O Be7 7. b3 O-O 8. Bb2 Bd7
9. Nd2 Be8 10. f3 Nbd7 11. e4 dxe4 12. fxe4 Nxe4 13. Nxe4 fxe4 14. Rxf8+ Nxf8
15. Bxe4 Bf6 16. Qd2 Qb6 17. Nf2 Rd8 18. Rd1 Bh5 19. g4 Bg6 20. g5 Be7 21. Bc3
Qc7 22. Qe3 Bd6 23. Qh3 Qe7 24. Qg4 Qf7 25. Rd3 Bxh2+ 26. Kg2 Bc7 27. Rf3 Bxe4
28. Nxe4 Qg6 29. Bb4 h5 30. Qh4 Nd7 31. Ng3 c5 32. Be1 cxd4 33. Nxh5 Ne5 34.
Rh3 Rf8 35. Qxd4 Qxg5+ 36. Ng3 Nf3 37. Qe4 Nxe1+ 38. Qxe1 Qg4 39. Qb1 Rf6 40.
Qh7+ Kf8 41. Qh8+ Ke7 0-1

[Event "4NCL Division 2b"]
[Site "Telford, ENG"]
[Date "2017.11.11"]
[Round "1.87"]
[White "Goodger, Martyn"]
[Black "Haridas, Girinath"]
[Result "0-1"]
[WhiteElo "2015"]
[BlackElo "1903"]
[PlyCount "96"]
[EventDate "2017.11.11"]
[WhiteTeam "Poisoned Pawns 1"]
[BlackTeam "KJCA Kings"]

1. b3 Nc6 2. Bb2 e5 3. e3 Nf6 4. Bb5 d6 5. Nc3 a6 6. Be2 g6 7. d4 exd4 8. exd4
Bg7 9. Nf3 O-O 10. O-O Re8 11. Qd2 Bf5 12. h3 h5 13. Bd3 Qd7 14. Bxf5 Qxf5 15.
Nh4 Qd7 16. Rfe1 d5 17. Rad1 b5 18. a3 Rad8 19. Qd3 Nh7 20. Nf3 Nf8 21. Ne2 Ne6
22. c3 Rb8 23. Bc1 Qd6 24. g3 Rbc8 25. Kg2 Ne7 26. c4 bxc4 27. bxc4 dxc4 28.
Qxc4 Nd5 29. a4 Red8 30. Rd3 c5 31. Ba3 Nb4 32. Bxb4 cxb4 33. Qa2 a5 34. Red1
Qd5 35. Qd2 Kh7 36. Nf4 Nxf4+ 37. gxf4 Rc4 38. Kg3 Rdc8 39. Ne5 Rc3 40. Qe2 Qb3
41. f5 Bxe5+ 42. dxe5 Rxd3+ 43. Rxd3 Qxd3+ 44. Qxd3 Rc3 45. Qxc3 bxc3 46. e6
fxe6 47. fxe6 Kg7 48. Kf4 c2 0-1

[Event "4NCL Division 2b"]
[Site "Telford, ENG"]
[Date "2017.11.11"]
[Round "1.88"]
[White "Ng Chung Lok Andrew"]
[Black "Mountford, Corinne"]
[Result "1-0"]
[WhiteElo "1813"]
[BlackElo "1705"]
[PlyCount "63"]
[EventDate "2017.11.11"]
[WhiteTeam "KJCA Kings"]
[BlackTeam "Poisoned Pawns 1"]

1. d4 d5 2. c4 e6 3. Nc3 c5 4. cxd5 exd5 5. Nf3 Nc6 6. g3 Nf6 7. Bg2 Be7 8. O-O
O-O 9. Bg5 cxd4 10. Nxd4 Be6 11. Rc1 Rc8 12. Nxe6 fxe6 13. Bh3 Qd7 14. e4 d4
15. Qb3 Nd8 16. Rfd1 Kh8 17. e5 Ng8 18. Be3 Bc5 19. Ne2 Ne7 20. Nxd4 Bxd4 21.
Rxc8 Qxc8 22. Bxd4 Nec6 23. Bc5 Re8 24. Qe3 b6 25. Bd6 Nf7 26. Bg4 Ncd8 27. Bb4
Kg8 28. Rc1 Qd7 29. f4 Qb5 30. Qd4 Qa6 31. Qd7 Rf8 32. Qe7 1-0